000 01349cam a2200397 i 4500
999 _c2383
_d2383
001 18856304
003 GZU
005 20201029101930.0
008 150424s2015 enk b 000 0 eng
010 _a 2015513114
020 _a9781781859797 (pbk.)
040 _aDLC
_beng
_erda
_cDLC
041 1 _aeng
_hchi
042 _apcc
043 _aa-cc---
050 0 0 _aHN 733.5
_bXU 2015
100 1 _aXu, Zhiyuan,
_d1976-
_eauthor.
245 1 0 _aPaper tiger :
_binside the real China /
_cXu Zhiyuan ; translated from the Chinese by Michelle Deeter and Nicky Harman.
246 3 0 _aInside the real China
264 1 _aLondon :
_bHead of Zeus,
_c2015.
300 _axi, 305 pages ;
_c24 cm
336 _atext
_btxt
_2rdacontent
337 _aunmediated
_bn
_2rdamedia
338 _avolume
_bnc
_2rdacarrier
504 _aIncludes bibliographical references.
546 _aTranslated from the Chinese.
651 0 _aChina
_xHistory
_y2002-
651 0 _aChina
_xSocial conditions
_y2000-
651 0 _aChina
_xEconomic conditions
_y2000-
651 0 _aChina
_xPolitics and government
_y2002-
700 1 _aDeeter, Michelle,
_etranslator.
700 1 _aHarman, Nicky,
_etranslator.
906 _a7
_bcbc
_corigres
_d3
_encip
_f20
_gy-gencatlg
942 _2lcc
_cBK
_h733.5
_iXU
_kHN